Komparatívna analýza výdavkov v obciach diplomová práca

Uložené v:
Podrobná bibliografia
Hlavný autor: Drgoňová, Marcela
Korporativný autor: Fakulta hospodárskej informatiky EU. Katedra účtovníctva a audítorstva
Ďalší autori: Kordošová, Alena, 1970-
Médium: Kniha
Jazyk:Slovak
Vydavateľské údaje: Bratislava 2019
Tagy: Pridať tag
Žiadne tagy, Buďte prvý, kto otaguje tento záznam!

MARC

LEADER 00000nbm a2200000 4500
001 0254222
005 20200110145523.9
041 0 |a slo 
044 |a SK 
245 1 0 |a Komparatívna analýza výdavkov v obciach  |b diplomová práca  |c Marcela Drgoňová ; školiteľ: Alena Kordošová 
264 1 |a Bratislava  |c 2019 
300 |a 64 s. 
100 1 |a Drgoňová, Marcela 
700 1 |a Kordošová, Alena, 1970- 
710 2 |a Fakulta hospodárskej informatiky EU. Katedra účtovníctva a audítorstva